NBA 2024-2025 Best Player Per Initial - Statistics

General Stats
  • This quiz has been taken 380 times
  • The average score is 12 of 26
Answer Stats
Initial Player % Correct
A Giannis Antetokounmpo, SGA
93%
B Jalen Brunson, Jalen Brown, Devin Booker
87%
D Luka Doncic
83%
C Stephen Curry
80%
J Nikola Jokic
79%
E Joel Embiid
68%
T Jayson Tatum
60%
W Victor Wembanyama
60%
H Tyrese Haliburton
55%
I Kyrie Irving
54%
S Domantas Sabonis, Pascal Siakam
52%
F De'Arron Fox
51%
G Paul George
50%
M Donovan Mitchell
49%
Y Trae Young
45%
L Kawhi Leonard
43%
P Kristaps Porzingis
42%
R Julius Randle
32%
Q Immanuel Quickley
30%
Z Ivica Zubac
30%
V Fred VanVleet
28%
K Kyle Kuzma
22%
O Kelly Oubre
13%
N Andrew Nembhard
12%
X None
10%
U None
8%
No matching quizzes found
Score Distribution
Percent of People with Each Score
Percentile by Number Answered
Your Score History
You have not taken this quiz